1766 1216 1262 1330 1019 1498 1174 1922 1098 1365 1530 1561 1612 1776 1253 1936 1435 1612 1347 1914 1348 1385 1222 1089 1662 1977 1746 1919 1592 1821 1422 1865 1907 1556 1419 1620 1882 1289 1311 1425 1834 1165 1940 1938 1778 1376 1513 1058 1718 1674 1083 1904 1298 1068 1571 1584 1896 1985 1833 1366 1679 1811 1983 1613 1482 1837 1580 1530 1933 1489 1091 1910 1822 1822 1815 1265 1930 1687 1944 1613 1586 1992 1190 1044 1119 1628 1607 1198 1430 1083 1208 1740 1424 1050 1726 1794 1113 1478 1306 BCNSPRNW ULIB Ver.6.0+V

เปลี่ยนเป็นภาษาไทย

Change to English
 แสดงรายละเอียดบรรณานุกรม
  กลับหน้าหลัก

Brief Record : Get Marc (ISO 2709) : E-mail record : QR code < ปิดหน้าต่าง
LEADER : 00000nam 2200000uu 4500
001    13399121442
003     ULIB
008    110608s2546 th 000 j tha d
020    ^a9789749150948
040    ^acl
090    ^aรส.^bว583ฉ 2546
100 0  ^aวิทยากร เชียงกูล
245 10 ^aฉันจึงมาหาความหมาย /^cวิทยากร เชียงกูล
250    ^aพิมพ์ครั้งที่ 17
260    ^aกรุงเทพฯ :^bมูลนิธิสถาบันวิชาการ 14 ตุลา,^c2546
300    ^a155 หน้า ;^c21 ซม.
490 0  ^aหนังสือชุด''ตุลาวรรณกรรม''
500    ^aฉลองครบรอบ 30 ปี 14 ตุลา : 2516-2546 ร่วมวาระประวัติศาสตร์''''วัน 14 ตุลา ประชาธิปไตย''''
650  4 ^aเรื่องสั้น^zไทย
650  4 ^aเรื่องสั้น^xรวมเรื่อง
650  4 ^aกวีนิพนธ์ไทย
650  4 ^aกวีนิพนธ์ไทย^xรวมเรื่อง
710 2  ^aมูลนิธิสถาบันวิชาการ 14 ตุลา
945    ^p0^l0^i14350
995    ^aกัณชพร
999    ^aกัณชพร
รายการนี้ยังไม่มีแท็ก
คุณยังไม่ได้ล็อกอิน คุณสามารถมีกิจกรรมร่วมกับเว็บไซต์ได้ แต่ต้องล็อกอินก่อน ::
  ล็อกอิน

รายการสื่อสารสนเทศ

ลำดับที่ ประเภท เลขเรียก/บาร์โค้ด สถานที่ สถานะ
1. นวนิยาย
นวนิยาย
รส. ว583ฉ 2546  
  Barcode: 14350
ห้องสมุดวิทยาเขตสวรรค์ประชารักษ์
►นวนิยาย
บนชั้น
  ขอยืม

รายการใกล้เคียง
    ผู้แต่ง [วิทยากร เชียงกูล]

    หัวเรื่อง [เรื่องสั้น รวมเรื่อง]
    หัวเรื่อง [กวีนิพนธ์ไทย]

BibComment


ยังไม่เคยถูกคอมเมนท์

คอมเมนท์ทรัพยากรรายการนี้
  คอมเมนท์: ฉันจึงมาหาความหม..


 Copyright 2026. Bcnsprnw @Library